| 000 | 00382nam a22001337a 4500 | ||
|---|---|---|---|
| 999 |
_c526976 _d526976 |
||
| 020 | _a9788119394371 | ||
| 082 | _aAB41 B469 | ||
| 100 |
_aBhushan, Shwetanshu _946749 |
||
| 245 |
_aSamskaras: the early Indian tradition _cby Shwetanshu Bhushan |
||
| 260 |
_aNew Delhi _bMotilal Banarasidass _c2024 |
||
| 300 | _a118p. | ||
| 650 |
_aPhilosophy, Hindu _946750 |
||
| 650 |
_aHinduism _946751 |
||